Główne postacie Scooby'ego Doo - Statystyki

Ogólne statystyki
  • Ten quiz został rozwiązany 516 razy
  • Średni wynik to 5 z 5
Statystyki odpowiedzi
Opis Postać % Poprawnych
Pies, tytułowy bohater uwielbiający chrupki nazywające się podobnie do niego Scooby Doo
100%
Najlepszy przyjaciel powyższego, nosi zieloną koszulkę Kudłaty Rogers
94%
Lider grupy, blondyn z białą bluzą i czerwoną apaszką Fred Jones
91%
Rudowłosa nastolatka z fioletową sukienką, która często pakuje się w kłopoty Daphne Blake
89%
Najmłodsza i najmądrzejsza członkini grupy, nosi okulary i pomarańczowy sweter Velma Dinkley
83%
Nie znaleziono quizów pasujących do podanych kryteriów
Rozkład punktacji
Procent ludzi z każdym wynikiem
Percentyl według liczby udzielonych odpowiedzi
Twoja historia wyników
Nie rozwiązałeś tego quizu